| 000 | 00453nam a22001817a 4500 | ||
|---|---|---|---|
| 003 | MPLRDC | ||
| 005 | 20220104124445.0 | ||
| 008 | 210129b ||||| |||| 00| 0 eng d | ||
| 020 | _a7-5346-0325-0 | ||
| 082 | _a859.3 JSSN v.25 | ||
| 100 | _a不详 | ||
| 245 |
_a智慧故事连环画精选 _c |
||
| 250 | _a一版六刷 | ||
| 260 |
_a _b江苏少年儿童出版社 _c1993 |
||
| 300 | _b平 | ||
| 650 | _a儿童故事 | ||
| 942 |
_cBK _o859.3 JSSN v.25 |
||
| 999 |
_c19475 _d19465 |
||